Los direfentes /
Guardado en:
| Autor Principal: | |
|---|---|
| Formato: | Libro |
| Idioma: | Undetermined |
| Publicado: |
Bogotá :
GatoMalo,
2012.
|
| Edición: | 1a ed. |
| Materias: | |
| Etiquetas: |
Agregar Etiqueta
Sin Etiquetas, Sea el primero en etiquetar este registro!
|
| LEADER | 00545nam a22001935a 4500 | ||
|---|---|---|---|
| 001 | CEM.cems021343 | ||
| 008 | 240805s2012####xx############000#0#und#d | ||
| 005 | 20240805182151.0 | ||
| 245 | 1 | 0 | |a Los direfentes / |c Paula Bossio. |
| 250 | |a 1a ed. | ||
| 260 | |a Bogotá : |b GatoMalo, |c 2012. | ||
| 300 | |a 36 p. | ||
| 020 | |a 9789585736504 | ||
| 100 | 1 | |a Bossio, Paula. | |
| 653 | |a Literatura australiana | ||
| 653 | |a Literatura infantil | ||
| 653 | |a Novela infantil | ||
| 653 | |a Diversidad | ||
| 859 | |a CEMS |b BIB. CEMS - 11 de abril |h 828.9934 |i B654 |p 29511.24 |t Ej.1 | ||
